Wine Regions of Australia (typing) - Statistics

General Stats
  • This quiz has been taken 187 times
    186 since last reset
  • The average score is 17 of 24
Answers on the Map
Answers color-coded by a green-red scale on the quiz's map according to % correct below.
 
Answer Stats
Answer % Correct
Barossa
94%
Tasmania
92%
Hunter Valley
91%
Margaret River
91%
Eden Valley
83%
Coonawarra
81%
Clare Valley
79%
Adelaide Hills
77%
Yarra Valley
75%
Mornington Peninsula
74%
Barossa Valley
70%
Riverina
68%
South Australia
68%
Victoria
68%
New South Wales
66%
Western Australia
66%
McLaren Vale
64%
Geelong
62%
Great Southern Region
58%
Riverland
58%
Murray-Darling
55%
Rutherglen
55%
Heathcote
51%
Goulburn Valley
40%
No matching quizzes found
Score Distribution
Percent of People with Each Score
Percentile by Number Answered
Your Score History
You have not taken this quiz since the last reset